000 00946nam2a2200205 4500
001 RU\NLR\PER_A\010686918_000470
005 20250626172755.0
035 _a(NLR Aleph) 012031888
090 _a11556557
_c11556557
100 _a20190606d2019 |||y0rusy50 ca
101 0 _arus
102 _aRU
200 0 _aТ. 6, № 1
210 _d2019
_aБ. м.
461 0 _1001RU\NLR\Per\1105372
_12001#$aИсследования и практика в медицине$dResearch'n practical medicine journal$eрецензируемый научно-практический журнал$zeng$vТ. 6, № 1
_99667569
_cМосква
_d2014 -
_lResearch and practical medicine journal
_nКвазар
_oрецензируемый научно-практический журнал
_tИсследования и практика в медицине
_x2409-2231
_vТ. 6, № 1
852 _aNLR
_jП17/1657
942 _cISSUE
980 _aNB
980 _aRUSPER